| 000 | 00669nam a2200193 a 4500 | ||
|---|---|---|---|
| 001 | 000138602 | ||
| 003 | AM-YEHGA | ||
| 005 | 20250617122851.0 | ||
| 008 | 030329s1982 ru ||||gr|||||||||0|rus|d | ||
| 040 | _aAM-YeHGA | ||
| 041 | 0 | _arus | |
| 245 | 0 | 0 |
_aОрганический мир Восточной Сибири в фанерозое / _cАН СССР. Сиб. отд-ние. Ин-т земной коры. |
| 260 |
_aНовосибирск : _bНаука. Сиб. отд-ние, _c1982. |
||
| 300 | _a88 с. | ||
| 650 | 1 | 4 | _aПалеоботаника |
| 710 | 2 | _aИнститут земной коры СО АН СССР | |
| 942 |
_2udc _cBK |
||
| 090 | _c47257 | ||
| 999 |
_c46511 _d46511 |
||